<?xml version="1.0" encoding="UTF-8"?>
<record
    xmlns:xsi="http://www.w3.org/2001/XMLSchema-instance"
    xsi:schemaLocation="http://www.loc.gov/MARC21/slim http://www.loc.gov/standards/marcxml/schema/MARC21slim.xsd"
    xmlns="http://www.loc.gov/MARC21/slim">

  <leader>03206nam a2200493 i 4500</leader>
  <controlfield tag="001">193468</controlfield>
  <controlfield tag="003">SpMaBN</controlfield>
  <controlfield tag="005">20250709183316.0</controlfield>
  <controlfield tag="007">ta</controlfield>
  <controlfield tag="008">240102s2022    sp a   | |||| 000 mdspa  </controlfield>
  <datafield tag="017" ind1=" " ind2=" ">
    <subfield code="a">M 18485-2022</subfield>
    <subfield code="b">Oficina Dep&#xF3;sito Legal Madrid</subfield>
  </datafield>
  <datafield tag="020" ind1=" " ind2=" ">
    <subfield code="a">9788412550757</subfield>
  </datafield>
  <datafield tag="035" ind1=" " ind2=" ">
    <subfield code="a">a7147714</subfield>
  </datafield>
  <datafield tag="040" ind1=" " ind2=" ">
    <subfield code="a">SpMaBN</subfield>
    <subfield code="b">spa</subfield>
    <subfield code="c">SpMaBN</subfield>
    <subfield code="e">rda</subfield>
    <subfield code="d">ES-MaACL</subfield>
  </datafield>
  <datafield tag="080" ind1=" " ind2=" ">
    <subfield code="a">821.134.2-82"19"</subfield>
  </datafield>
  <datafield tag="080" ind1=" " ind2=" ">
    <subfield code="a">821.134.2 Machado, Antonio 2.07</subfield>
  </datafield>
  <datafield tag="080" ind1=" " ind2=" ">
    <subfield code="a">908(460.186.2)(0:82)</subfield>
  </datafield>
  <datafield tag="100" ind1="1" ind2=" ">
    <subfield code="a">Machado, Antonio,</subfield>
    <subfield code="d">1875-1939</subfield>
    <subfield code="9">75151</subfield>
  </datafield>
  <datafield tag="245" ind1="1" ind2="0">
    <subfield code="a">Conmigo vais, mi coraz&#xF3;n os lleva :</subfield>
    <subfield code="b">p&#xE1;ginas sorianas de Antonio Machado /</subfield>
    <subfield code="c">Antonio Machado ; edici&#xF3;n, selecci&#xF3;n y notas, C&#xE9;sar Ib&#xE1;&#xF1;ez Par&#xED;s ; ilustraciones interiores, Gabriele</subfield>
  </datafield>
  <datafield tag="250" ind1=" " ind2=" ">
    <subfield code="a">Primera edici&#xF3;n: julio, 2022</subfield>
  </datafield>
  <datafield tag="264" ind1=" " ind2="1">
    <subfield code="a">[Alcorc&#xF3;n] :</subfield>
    <subfield code="b">Lastura,</subfield>
    <subfield code="c">[2022]</subfield>
  </datafield>
  <datafield tag="300" ind1=" " ind2=" ">
    <subfield code="a">266 p&#xE1;ginas :</subfield>
    <subfield code="b">ilustraciones (blanco y negro y color), planos (blanco y negro) ;</subfield>
    <subfield code="c">21 cm</subfield>
  </datafield>
  <datafield tag="336" ind1=" " ind2=" ">
    <subfield code="a">Texto</subfield>
    <subfield code="a">Imagen fija</subfield>
    <subfield code="2">rdacontent</subfield>
  </datafield>
  <datafield tag="337" ind1=" " ind2=" ">
    <subfield code="a">sin mediaci&#xF3;n</subfield>
    <subfield code="2">rdamedia</subfield>
  </datafield>
  <datafield tag="338" ind1=" " ind2=" ">
    <subfield code="a">volumen</subfield>
    <subfield code="2">rdacarrier</subfield>
  </datafield>
  <datafield tag="490" ind1="1" ind2=" ">
    <subfield code="a">Colecci&#xF3;n Literal</subfield>
    <subfield code="v">1</subfield>
  </datafield>
  <datafield tag="500" ind1=" " ind2=" ">
    <subfield code="a">Incluye ap&#xE9;ndices documentales</subfield>
  </datafield>
  <datafield tag="504" ind1=" " ind2=" ">
    <subfield code="a">Bibliograf&#xED;a: p&#xE1;ginas 251-253</subfield>
  </datafield>
  <datafield tag="520" ind1=" " ind2=" ">
    <subfield code="a">Este libro re&#xFA;ne en un solo volumen todos los textos de Antonio Machado que tienen como referente, directo o indirecto, a Soria. De todos es conocida la vinculaci&#xF3;n del gran poeta con la ciudad y la provincia, sustentada en tres columnas principales: cinco cursos como catedr&#xE1;tico de franc&#xE9;s en su instituto, el amor tr&#xE1;gico en la figura hermosa y delicada de Leonor Izquierdo y la poes&#xED;a, cada vez m&#xE1;s alejada del modernismo y del simbolismo, de Campos de Castilla. Menos conocidos son los poemas posteriores, las cartas y los muy relevantes trabajos en prosa, en los que se evidencia el mundo de ideas que bulle en la cabeza del poeta en su etapa soriana, pr&#xF3;ximas a las de otros miembros de su generaci&#xF3;n, singularmente Unamuno, as&#xED; como la estrecha relaci&#xF3;n de Antonio Machado con los peri&#xF3;dicos locales. Completa la colecci&#xF3;n una selecci&#xF3;n de recortes de prensa que pone de relieve la fidelidad y precisi&#xF3;n con que en la prensa de la &#xE9;poca se puede seguir la relaci&#xF3;n Machado-Soria entre 1907 y 1932. (C&#xE9;sar Ib&#xE1;&#xF1;ez Par&#xED;s, editor)</subfield>
  </datafield>
  <datafield tag="600" ind1="1" ind2="4">
    <subfield code="a">Machado, Antonio,</subfield>
    <subfield code="d">1875-1939-</subfield>
    <subfield code="x">Cr&#xED;tica e interpretaci&#xF3;n</subfield>
    <subfield code="2">embne</subfield>
    <subfield code="9">75154</subfield>
  </datafield>
  <datafield tag="651" ind1=" " ind2="7">
    <subfield code="a">Soria</subfield>
    <subfield code="x">En la literatura</subfield>
    <subfield code="2">embne</subfield>
    <subfield code="9">234751</subfield>
  </datafield>
  <datafield tag="655" ind1=" " ind2="0">
    <subfield code="a">Cr&#xED;ticas literarias</subfield>
    <subfield code="2">tgfbne</subfield>
    <subfield code="9">233806</subfield>
  </datafield>
  <datafield tag="655" ind1=" " ind2="7">
    <subfield code="a">Miscel&#xE1;neas</subfield>
    <subfield code="2">tgfbne</subfield>
    <subfield code="9">234752</subfield>
  </datafield>
  <datafield tag="700" ind1="1" ind2=" ">
    <subfield code="a">Ib&#xE1;&#xF1;ez Par&#xED;s, C&#xE9;sar,</subfield>
    <subfield code="d">1963-</subfield>
    <subfield code="9">234753</subfield>
  </datafield>
  <datafield tag="700" ind1="0" ind2=" ">
    <subfield code="a">Gabriele</subfield>
    <subfield code="9">234754</subfield>
  </datafield>
  <datafield tag="830" ind1=" " ind2=" ">
    <subfield code="a">Colecci&#xF3;n Literal ;</subfield>
    <subfield code="v">1</subfield>
    <subfield code="9">234755</subfield>
  </datafield>
  <datafield tag="852" ind1=" " ind2=" ">
    <subfield code="a">ES-MaACL</subfield>
    <subfield code="9">200946</subfield>
    <subfield code="b">R.154815</subfield>
    <subfield code="c">DEPOJ</subfield>
    <subfield code="j">N-9716</subfield>
    <subfield code="h">Donaci&#xF3;n: C&#xE9;sar Ib&#xE1;&#xF1;ez Par&#xED;s</subfield>
    <subfield code="g">Dedicatoria aut&#xF3;grafa del autor</subfield>
    <subfield code="x">Encuadernaci&#xF3;n r&#xFA;stica con solapas</subfield>
  </datafield>
  <datafield tag="903" ind1=" " ind2=" ">
    <subfield code="a">Ib&#xE1;&#xF1;ez Par&#xED;s, C&#xE9;sar,</subfield>
    <subfield code="c">1963-</subfield>
    <subfield code="e">dnr</subfield>
  </datafield>
  <datafield tag="942" ind1=" " ind2=" ">
    <subfield code="n">0</subfield>
    <subfield code="c">MONOGRAFIA</subfield>
  </datafield>
  <datafield tag="999" ind1=" " ind2=" ">
    <subfield code="c">193468</subfield>
    <subfield code="d">193468</subfield>
  </datafield>
  <datafield tag="952" ind1=" " ind2=" ">
    <subfield code="0">0</subfield>
    <subfield code="1">0</subfield>
    <subfield code="2">udc</subfield>
    <subfield code="4">0</subfield>
    <subfield code="7">0</subfield>
    <subfield code="8">Librosdedicados</subfield>
    <subfield code="a">ATENEOM</subfield>
    <subfield code="b">ATENEOM</subfield>
    <subfield code="c">DEPOJ</subfield>
    <subfield code="d">2023-11-08</subfield>
    <subfield code="e">DONACION</subfield>
    <subfield code="l">0</subfield>
    <subfield code="o">N-9716</subfield>
    <subfield code="p">101206226</subfield>
    <subfield code="r">2024-01-02 00:00:00</subfield>
    <subfield code="w">2024-01-02</subfield>
    <subfield code="y">MONOGRAFIA</subfield>
    <subfield code="z">Dedicatoria aut&#xF3;grafa del editor literario</subfield>
  </datafield>
</record>
